000 00505nam a2200193Ia 4500
008 220531s9999 xx 000 0 und d
041 _aeng
082 _a-
_bKHO / BHA
100 _aKhobragade, K. / Bharambe, M. G.
_970313
245 _aRelational Database Management System
250 _a1ST
260 _aPune
_bNirali
_c2014
300 _aA-10
542 _d09-07-2015
551 _aComputer Science
_bNon-grant-CS
650 _aDBMS
_970314
906 _d2015-2016
999 _c39388
_d39388